Anxiety disorders
Like all the books in the Wiley Concise Guides to Mental Health Series, Anxiety Disorders features a compact, easy-to-use format that includes: Vignettes and case illustrations; A practical approach that emphasizes real-life treatment over theory; Resources for specific readers such as clinicians, s...
Uloženo v:
| Hlavní autor: | |
|---|---|
| Médium: | Kniha |
| Jazyk: | Undetermined |
| Vydáno: |
Hoboken, N.J.
John Wiley & Sons
2007
|
| Témata: | |
| Tagy: |
Přidat tag
Žádné tagy, Buďte první, kdo otaguje tento záznam!
|
| Thư viện lưu trữ: | Trung tâm Học liệu Trường Đại học Cần Thơ |
|---|
| LEADER | 00935nam a2200217Ia 4500 | ||
|---|---|---|---|
| 001 | CTU_163277 | ||
| 008 | 210402s9999 xx 000 0 und d | ||
| 020 | |c 48.95 | ||
| 082 | |a 616.8522 | ||
| 082 | |b K19 | ||
| 100 | |a Kase, Larina | ||
| 245 | 0 | |a Anxiety disorders | |
| 245 | 0 | |c Larina Kase, Deborah Roth Ledley | |
| 260 | |a Hoboken, N.J. | ||
| 260 | |b John Wiley & Sons | ||
| 260 | |c 2007 | ||
| 520 | |a Like all the books in the Wiley Concise Guides to Mental Health Series, Anxiety Disorders features a compact, easy-to-use format that includes: Vignettes and case illustrations; A practical approach that emphasizes real-life treatment over theory; Resources for specific readers such as clinicians, students, and patients | ||
| 650 | |a Anxiety,Anxiety Disorders,Cognitive Therapy,Chứng loạn thần kinh | ||
| 650 | |x therapy,methods | ||
| 910 | |a Nguyên | ||
| 980 | |a Trung tâm Học liệu Trường Đại học Cần Thơ | ||